| 000 | 00489nam a2200193 a 4500 | ||
|---|---|---|---|
| 005 | 20160407123708.0 | ||
| 008 | 021209s19uu xx 00 eng d | ||
| 020 | _a0-590-42996-5 | ||
| 050 |
_aTR(PS E _bIw9 |
||
| 100 | _aMaris, Ron | ||
| 245 |
_aI wish I could fly/ _cby Ron Maris |
||
| 260 |
_aNew York : _bScholastic, Inc., _c1986 |
||
| 300 | _a1 v. (unp.) ; ill. | ||
| 650 | _aTurtle--Fiction | ||
| 650 | _aGames--Fiction | ||
| 942 | _2ddc | ||
| 999 |
_c104820 _d104820 |
||